UBT Library

Mail and telephone surveys : (Record no. 39125)

000 -LEADER
fixed length control field 00594pam a2200229 i 4500
001 - CONTROL NUMBER
control field 2262916
005 - DATE AND TIME OF LATEST TRANSACTION
control field 20171218095523.0
008 - FIXED-LENGTH DATA ELEMENTS--GENERAL INFORMATION
fixed length control field 780504s1978 nyua b 001 0 eng
010 ## - LIBRARY OF CONGRESS CONTROL NUMBER
LC control number 78000581
020 ## - INTERNATIONAL STANDARD BOOK NUMBER
International Standard Book Number 0471215554
040 ## - CATALOGING SOURCE
Original cataloging agency DLC
Transcribing agency DLC
Modifying agency DLC
041 ## - LANGUAGE CODE
Language code of text/sound track or separate title eng
043 ## - GEOGRAPHIC AREA CODE
Geographic area code n-us---
080 ## - UNIVERSAL DECIMAL CLASSIFICATION NUMBER
Universal Decimal Classification number 301.154 DON
082 00 - DEWEY DECIMAL CLASSIFICATION NUMBER
Classification number 301.154 DON
100 1# - Rafti
Rafti 45
101 ## - Shkurtesa
Shkurtesa EDU
245 10 - TITLE STATEMENT
Title Mail and telephone surveys :
Statement of responsibility, etc Don A. Dillman.
504 ## - BIBLIOGRAPHY, ETC. NOTE
Bibliography, etc Bibliography: p. 299-318.
906 ## - LOCAL DATA ELEMENT F, LDF (RLIN)
a 7
b cbc
c orignew
d 1
e ocip
f 19
g y-gencatlg
942 ## - ADDED ENTRY ELEMENTS (KOHA)
Source of classification or shelving scheme
Item type Books
Holdings
Withdrawn status Lost status Source of classification or shelving scheme Damaged status Not for loan Permanent location Current location Date acquired Total Checkouts Full call number Barcode Date last seen Price effective from Koha item type
          UBT - Lipjan UBT - Lipjan 12/18/2017   301.154 DON 002-2939512 12/18/2017 12/18/2017 Books
UBT Library © 2015-2024. All rights reserved University Education for Business and Technology